<?xml version="1.0" encoding="UTF-8"?>
<record
    xmlns:xsi="http://www.w3.org/2001/XMLSchema-instance"
    xsi:schemaLocation="http://www.loc.gov/MARC21/slim http://www.loc.gov/standards/marcxml/schema/MARC21slim.xsd"
    xmlns="http://www.loc.gov/MARC21/slim">

  <leader>04005nam a2200541Ia 4500</leader>
  <controlfield tag="001">739</controlfield>
  <controlfield tag="008">241029s9999    xx            000 0 und d</controlfield>
  <datafield tag="010" ind1=" " ind2=" ">
    <subfield code="a">665</subfield>
  </datafield>
  <datafield tag="041" ind1=" " ind2=" ">
    <subfield code="a">Espa&#xF1;ol</subfield>
  </datafield>
  <datafield tag="082" ind1=" " ind2=" ">
    <subfield code="a">FH UPG 014 2012  </subfield>
  </datafield>
  <datafield tag="245" ind1=" " ind2="0">
    <subfield code="a">Identificaci&#xF3;n de contenidos ambientales en la ense&#xF1;anza de la carrera de Educaci&#xF3;n en la UASD - Centro Mao</subfield>
  </datafield>
  <datafield tag="260" ind1=" " ind2=" ">
    <subfield code="a">Valverde</subfield>
  </datafield>
  <datafield tag="300" ind1=" " ind2=" ">
    <subfield code="a">92</subfield>
  </datafield>
  <datafield tag="520" ind1=" " ind2=" ">
    <subfield code="a">36</subfield>
  </datafield>
  <datafield tag="630" ind1=" " ind2=" ">
    <subfield code="a">Educaci&#xF3;n Superior</subfield>
  </datafield>
  <datafield tag="630" ind1=" " ind2=" ">
    <subfield code="a">Ense&#xF1;anza</subfield>
  </datafield>
  <datafield tag="650" ind1=" " ind2=" ">
    <subfield code="a">Ciencias de la Naturaleza</subfield>
  </datafield>
  <datafield tag="690" ind1=" " ind2=" ">
    <subfield code="a">Sintetizado</subfield>
  </datafield>
  <datafield tag="700" ind1=" " ind2=" ">
    <subfield code="e">asesor</subfield>
    <subfield code="a">Bud&#xFA;en Serrano , In&#xE9;s de la Caridad </subfield>
  </datafield>
  <datafield tag="700" ind1=" " ind2=" ">
    <subfield code="e">autor</subfield>
    <subfield code="a">Reyes Bernard , Arelys Mercedes </subfield>
  </datafield>
  <datafield tag="700" ind1=" " ind2=" ">
    <subfield code="e">autor</subfield>
    <subfield code="a">Pe&#xF1;a Legreaux , Gaspar Octavio </subfield>
  </datafield>
  <datafield tag="901" ind1=" " ind2=" ">
    <subfield code="a">{"1":"Reyes Bernard ","2":"Pe&#xF1;a Legreaux "}</subfield>
    <subfield code="b">{"1":"Arelys Mercedes ","2":"Gaspar Octavio "}</subfield>
  </datafield>
  <datafield tag="902" ind1=" " ind2=" ">
    <subfield code="a">1</subfield>
  </datafield>
  <datafield tag="903" ind1=" " ind2=" ">
    <subfield code="a">{"1":"Bud&#xFA;en Serrano "}</subfield>
    <subfield code="b">{"1":"In&#xE9;s de la Caridad "}</subfield>
  </datafield>
  <datafield tag="904" ind1=" " ind2=" ">
    <subfield code="a">Maestr&#xED;a en</subfield>
  </datafield>
  <datafield tag="905" ind1=" " ind2=" ">
    <subfield code="a">Ense&#xF1;anza Superior</subfield>
  </datafield>
  <datafield tag="906" ind1=" " ind2=" ">
    <subfield code="a">2</subfield>
  </datafield>
  <datafield tag="907" ind1=" " ind2=" ">
    <subfield code="a">NO APLICA</subfield>
  </datafield>
  <datafield tag="908" ind1=" " ind2=" ">
    <subfield code="a">NO APLICA</subfield>
  </datafield>
  <datafield tag="909" ind1=" " ind2=" ">
    <subfield code="a">Universidad Aut&#xF3;noma de Santo Domingo (UASD)</subfield>
  </datafield>
  <datafield tag="910" ind1=" " ind2=" ">
    <subfield code="a">NULL</subfield>
    <subfield code="b">NULL</subfield>
  </datafield>
  <datafield tag="911" ind1=" " ind2=" ">
    <subfield code="a">["1"]</subfield>
  </datafield>
  <datafield tag="912" ind1=" " ind2=" ">
    <subfield code="a">NO APLICA</subfield>
  </datafield>
  <datafield tag="913" ind1=" " ind2=" ">
    <subfield code="a">NULL</subfield>
  </datafield>
  <datafield tag="914" ind1=" " ind2=" ">
    <subfield code="a">01 de Agosto de 2012</subfield>
  </datafield>
  <datafield tag="915" ind1=" " ind2=" ">
    <subfield code="a">18/07/15 06:07</subfield>
  </datafield>
  <datafield tag="916" ind1=" " ind2=" ">
    <subfield code="a">NULL</subfield>
  </datafield>
  <datafield tag="917" ind1=" " ind2=" ">
    <subfield code="a">NULL</subfield>
  </datafield>
  <datafield tag="918" ind1=" " ind2=" ">
    <subfield code="a">NO APLICA</subfield>
  </datafield>
  <datafield tag="919" ind1=" " ind2=" ">
    <subfield code="a">["83","202"]</subfield>
  </datafield>
  <datafield tag="520" ind1=" " ind2=" ">
    <subfield code="a">Cuidar el medio ambiente es cuidar las riquezas de las que dispone la humanidad, protegerse, sostenerse y desarrollarse. La tierra proporciona lo necesario para vivir, pero tales recursos pueden ser contaminados, degradados y agotados. Para tal surgen organismos dedicados a defender y preservar el medio ambiente. En Rep&#xFA;blica Dominicana, est&#xE1; el Ministerio de Medio Ambiente y otras instituciones ecol&#xF3;gicas, como la Sociedad Ecol&#xF3;gica de Valverde&#xA0; y Naturaleza. Pero son las instituciones educativas quienes ejercen influencia en el pensamiento cr&#xED;tico del educando y le confiere el talento y capacidad de mejorar su condici&#xF3;n de vida y afectar su entorno social y natural. Proveer ense&#xF1;anza de calidad, incorporando contenidos ambientales a los actores de la carrera de educaci&#xF3;n, es prioridad de las Instituciones de Educaci&#xF3;n Superior del pa&#xED;s y la regi&#xF3;n, incluyendo UASD - Centro Mao, de cara a los desaf&#xED;os que plantea la sociedad actual.El tipo de investigaci&#xF3;n fue descriptiva porque el instrumento de recolecci&#xF3;n de datos fue la encuesta y los datos para el desarrollo de la investigaci&#xF3;n fueron extra&#xED;dos de fuentes de datos secundarias. La metodolog&#xED;a usada se apoy&#xF3;&#xA0;en el sistema que incluye el m&#xE9;todo te&#xF3;rico (hist&#xF3;rico-l&#xF3;gico y anal&#xED;tico sint&#xE9;tico), el m&#xE9;todo estad&#xED;stico y el emp&#xED;rico (entrevistas y cuestionarios).&#xA0; Las t&#xE9;cnicas incluyeron la revisi&#xF3;n documental, la observaci&#xF3;n y&#xA0;las entrevistas a modo de cuestionarios. El objeto de estudio fue una poblaci&#xF3;n compuesta por 272 egresados de la carrera de educaci&#xF3;n durante la investidura del 6 de marzo de 2010 y 9 de abril de 2011, tomando una muestra de 90 individuos.La revisi&#xF3;n realizada sobre los contenidos ambientales en los p&#xE9;nsum de la carrera de educaci&#xF3;n fue positiva. Identific&#xF3; las competencias en el perfil de dichos egresados y su aproximaci&#xF3;n a los niveles de compromiso ambiental. Present&#xF3; las siguientes conclusiones: La universidad expone contenidos ambientales en mayor o menor grado, en uno o varios momentos, pero&#xA0; no ha profundizado lo suficiente con relaci&#xF3;n a la formaci&#xF3;n ambiental de sus egresados de cara a los contenidos ambientales que oferta; los estudiantes obtienen un bajo sentido de compromiso ambiental.S&#xF3;lo los estudiantes de biolog&#xED;a y ciencias sociales, por la oferta de las asignaturas vinculadas al medio ambiente reciben una mejor preparaci&#xF3;n en esta &#xE1;rea. El perfil del egresado no presenta un nivel id&#xF3;neo en lo referente a competencias ambientales.</subfield>
  </datafield>
  <datafield tag="921" ind1=" " ind2=" ">
    <subfield code="a">11</subfield>
  </datafield>
  <datafield tag="922" ind1=" " ind2=" ">
    <subfield code="a">11</subfield>
  </datafield>
  <datafield tag="923" ind1=" " ind2=" ">
    <subfield code="a">0</subfield>
  </datafield>
  <datafield tag="924" ind1=" " ind2=" ">
    <subfield code="a">NO APLICA</subfield>
  </datafield>
  <datafield tag="942" ind1=" " ind2=" ">
    <subfield code="c">Tesis</subfield>
  </datafield>
  <datafield tag="999" ind1=" " ind2=" ">
    <subfield code="c">665</subfield>
    <subfield code="d">665</subfield>
  </datafield>
</record>
